00614nam a2200169Ia 4500008004100000082001300041100004100054245010000095260003900195300001500234520001100249650002800260700002400288942001300312999001900325952010000344230907s9999||||xx |||||||||||||| ||und|| a620bADN aMuhammad Adnan (00000206332)9116559 0aNumerical Analysis in Enhancement of Heat Transfer with Pin Fins using Peripheral Protrusions / aUSPCAS-E, NUST,bIslamabad :c2021 axii, 59 p. aTH-259 aMS TEE Thesis MS Thesis aDr Majid Ali929033 cTHE2ddc c601937d601937 00102ddc4070aCAS-EbCAS-Ed2021-06-07o620 ADNpCAS-ETH0000259r2023-09-12w2023-09-12yTHE